[Event "POL-chT Academic"]
[Site "Katowice"]
[Date "2018.02.04"]
[Round "9.16"]
[White "Marczuk, Dominik"]
[Black "Rydzewski, Pawel"]
[Result "1/2-1/2"]
[WhiteElo "2278"]
[BlackElo "1995"]
[PlyCount "111"]
[EventDate "2018.02.03"]
[EventType "team-swiss (rapid)"]
[EventRounds "9"]
[EventCountry "POL"]
[SourceTitle "CBM 182 Extra"]
[Source "ChessBase"]
[SourceDate "2018.02.23"]
[SourceVersion "1"]
[SourceVersionDate "2018.02.23"]
[SourceQuality "1"]
[WhiteTeam "Krakow UJ"]
[BlackTeam "Katowice UE"]
[WhiteTeamCountry "POL"]
[BlackTeamCountry "POL"]

1. e4 e6 2. d4 d5 3. Nc3 dxe4 4. Nxe4 Nd7 5. Bd3 Ngf6 6. Nxf6+ Nxf6 7. Qe2 Bd7 8. Nf3 Bc6 9. c3 Be7 10. 0-0 Qd5 11. c4 Qh5 12. Ne5 Qxe2 13. Bxe2 Be4 14. f3 Bg6 15. Be3 0-0 16. Rac1 Rac8 17. Rfd1 Rfd8 18. a3 Bd6 19. b4 Bxe5 20. dxe5 Nd7 21. Bg5 f6 22. exf6 gxf6 23. Bh4 Kf7 24. Rd2 Ne5 25. Rcd1 Rxd2 26. Rxd2 Ke7 27. f4 Nf7 28. Bf3 Rd8 29. Rxd8 Nxd8 30. Kf2 Nc6 31. Ke3 e5 32. g3 exf4+ 33. gxf4 Bf5 34. Be1 Kf7 35. Bc3 Be6 36. Kd3 Bf5+ 37. Ke3 Be6 38. c5 Ne7 39. Bxb7 Nd5+ 40. Bxd5 Bxd5 41. b5 Bc4 42. a4 Bb3 43. a5 Ba4 44. b6 cxb6 45. cxb6 axb6 46. axb6 Bc6 47. f5 Ke7 48. Kd4 Bb7 49. Kc5 Be4 50. Kd4 Bb7 51. Kc4 Bf3 52. Kb5 Bb7 53. Bd4 Kf7 54. Bc5 Ke8 55. h4 h5 56. Bb4 1/2-1/2

[Event "POL-chT 2nd League"]
[Site "Szklarska Poreba"]
[Date "2017.09.02"]
[Round "1.7"]
[White "Garbowski, Jakub"]
[Black "Rydzewski, Pawel"]
[Result "0-1"]
[WhiteElo "2156"]
[BlackElo "1938"]
[PlyCount "130"]
[EventDate "2017.09.02"]
[EventType "team-swiss"]
[EventRounds "9"]
[EventCountry "POL"]
[SourceTitle "CBM 180 Extra"]
[Source "ChessBase"]
[SourceDate "2017.10.06"]
[SourceVersion "1"]
[SourceVersionDate "2017.10.06"]
[SourceQuality "1"]
[WhiteTeam "Jaworzno"]
[BlackTeam "Jastrzebie Zdroj Pionier"]
[WhiteTeamCountry "POL"]
[BlackTeamCountry "POL"]

1. e4 e6 2. d4 d5 3. Nd2 dxe4 4. Nxe4 Nd7 5. Nf3 Ngf6 6. Nxf6+ Nxf6 7. Bd3 c5 8. Be3 Qc7 9. Qe2 Bd7 10. 0-0-0 Bd6 11. dxc5 Bxc5 12. Bxc5 Qxc5 13. Ne5 Bc6 14. Rhe1 0-0 15. g4 Nd5 16. Qe4 g6 17. Nxc6 bxc6 18. Rd2 Rab8 19. Qe5 Rb4 20. c4 Rxc4+ 21. Bxc4 Qxc4+ 22. Kb1 Qxg4 23. Rc1 Qa4 24. Rd4 Qb5 25. Rdc4 Rd8 26. Rxc6 Qd3+ 27. Ka1 Nb4 28. Rc8 Qd7 29. Rxd8+ Qxd8 30. Qc3 Qd6 31. a3 Nd5 32. Qd4 Qb8 33. h4 h5 34. Rc5 Qd8 35. a4 Kh7 36. Rb5 Qc7 37. Kb1 a6 38. Rc5 Qb8 39. Qc4 Qe5 40. Qxa6 Qe4+ 41. Rc2 Qxc2+ 42. Kxc2 Nb4+ 43. Kc3 Nxa6 44. b4 g5 45. b5 Nc7 46. Kc4 Nd5 47. a5 gxh4 48. b6 h3 49. b7 h2 50. b8Q h1Q 51. Qe5 Qf1+ 52. Kb3 Qb1+ 53. Kc4 Qf1+ 54. Kb3 Qb5+ 55. Ka3 Qxa5+ 56. Kb2 Qc3+ 57. Qxc3 Nxc3 58. Kxc3 h4 59. Kd3 h3 60. Ke2 h2 61. Kf1 h1Q+ 62. Ke2 Kg6 63. Ke3 Kf5 64. f3 Qe1+ 65. Kd3 Qf2 0-1

[Event "Karvina op"]
[Site "Karvina"]
[Date "2014.07.04"]
[Round "7"]
[White "Rydzewski, Pawel"]
[Black "Horvath, Tomas"]
[Result "1/2-1/2"]
[WhiteElo "2003"]
[BlackElo "1557"]
[PlyCount "118"]
[EventDate "2014.06.28"]
[EventType "swiss"]
[EventRounds "9"]
[EventCountry "CZE"]
[SourceTitle "CBM 161 Extra"]
[Source "ChessBase"]
[SourceDate "2014.08.29"]
[SourceVersion "1"]
[SourceVersionDate "2014.08.29"]
[SourceQuality "1"]

1. d4 Nf6 2. Nf3 e6 3. Nbd2 c5 4. dxc5 Bxc5 5. Nb3 Be7 6. Bg5 h6 7. Bh4 d5 8. e3 0-0 9. Be2 b6 10. 0-0 Bb7 11. Rc1 Ne4 12. Bxe7 Qxe7 13. c4 Nd7 14. cxd5 Bxd5 15. Bc4 Ndf6 16. Bxd5 exd5 17. Nbd4 Rac8 18. Qa4 Nc5 19. Qa3 a5 20. Rfd1 Rfe8 21. Nb3 Qb7 22. Nxc5 bxc5 23. Rxc5 Rxc5 24. Qxc5 Qxb2 25. Qxa5 Rc8 26. Qd2 Rc2 27. Qe1 Ne4 28. Rb1 Qxa2 29. Ra1 Qb2 30. Rb1 Qc3 31. Qxc3 Nxc3 32. Nd4 Nxb1 33. Nxc2 Kf8 34. Kf1 Ke7 35. Ke2 Nc3+ 36. Kd3 Ne4 37. f3 Nf6 38. Nd4 g6 39. Nb5 Kd7 40. Kd4 Ke6 41. g3 Ne8 42. h3 f5 43. Kc5 Ke5 44. Nd4 Nf6 45. Nc6+ Ke6 46. Nb4 g5 47. Nd3 Nh5 48. g4 fxg4 49. hxg4 Nf6 50. Kd4 h5 51. gxh5 Nxh5 52. Nc5+ Kd6 53. Nb7+ Ke6 54. Nd8+ Ke7 55. Nb7 Ke6 56. Nd8+ Ke7 57. Nc6+ Kd6 58. Ne5 Ng3 59. Ng4 Nf5+ 1/2-1/2

[Event "Karvina op"]
[Site "Karvina"]
[Date "2014.07.02"]
[Round "5"]
[White "Rydzewski, Pawel"]
[Black "Zimniok, Lubomir"]
[Result "0-1"]
[WhiteElo "2003"]
[BlackElo "2174"]
[PlyCount "96"]
[EventDate "2014.06.28"]
[EventType "swiss"]
[EventRounds "9"]
[EventCountry "CZE"]
[SourceTitle "CBM 161 Extra"]
[Source "ChessBase"]
[SourceDate "2014.08.29"]
[SourceVersion "1"]
[SourceVersionDate "2014.08.29"]
[SourceQuality "1"]

1. d4 Nf6 2. Nf3 e6 3. g3 c5 4. c3 d5 5. Bg2 Be7 6. 0-0 0-0 7. Nbd2 Nc6 8. a3 c4 9. Qc2 Na5 10. e4 Bd7 11. Ne5 Bc6 12. exd5 Bxd5 13. Ne4 Nxe4 14. Bxe4 Bxe4 15. Qxe4 Rc8 16. Be3 Qd5 17. Qxd5 exd5 18. f4 Rfe8 19. Rae1 Bd6 20. Ng4 h5 21. Nf2 Nb3 22. Nd1 b5 23. Bf2 Nd2 24. Rxe8+ Rxe8 25. Ne3 Nxf1 26. Kxf1 Rd8 27. Ke2 a5 28. Be1 Bf8 29. Kf3 g6 30. Bd2 f6 31. Nc2 Kf7 32. Ne3 Ke6 33. Be1 Rb8 34. Nc2 Rb7 35. Bd2 Rh7 36. h4 Be7 37. Ne3 Bd6 38. Ng2 b4 39. axb4 axb4 40. f5+ gxf5 41. Bf4 bxc3 42. bxc3 Ba3 43. Bd2 Bd6 44. Bf4 Rb7 45. Bxd6 Kxd6 46. Nf4 Rb3 47. Ne2 Rb2 48. Ke3 Rc2 0-1

[Event "Karvina op"]
[Site "Karvina"]
[Date "2014.06.30"]
[Round "3"]
[White "Havelka, Ondrej"]
[Black "Rydzewski, Pawel"]
[Result "0-1"]
[WhiteElo "1743"]
[BlackElo "2003"]
[PlyCount "116"]
[EventDate "2014.06.28"]
[EventType "swiss"]
[EventRounds "9"]
[EventCountry "CZE"]
[SourceTitle "CBM 161 Extra"]
[Source "ChessBase"]
[SourceDate "2014.08.29"]
[SourceVersion "1"]
[SourceVersionDate "2014.08.29"]
[SourceQuality "1"]

1. d4 d5 2. c4 e5 3. dxe5 d4 4. Nf3 Nc6 5. a3 Bg4 6. Nbd2 a5 7. h3 Be6 8. Nb3 Bxc4 9. Nbxd4 Bc5 10. Qa4 Qd5 11. Nxc6 bxc6 12. e4 Qxe4+ 13. Be3 Bxe3 14. Qxc4 Bd4+ 15. Be2 c5 16. 0-0 Ne7 17. Nxd4 Qxd4 18. Qb5+ Kf8 19. Bf3 c6 20. Bxc6 Nxc6 21. Qxc6 Rd8 22. e6 Qd6 23. Qxd6+ Rxd6 24. exf7 Kxf7 25. Rfd1 Ke6 26. Kf1 Rb8 27. Rxd6+ Kxd6 28. Rd1+ Ke5 29. Rd2 c4 30. Ke2 Rb3 31. f3 g5 32. Kf2 a4 33. g3 h5 34. h4 gxh4 35. gxh4 c3 36. bxc3 Rxa3 37. Rb2 Rb3 38. Ra2 a3 39. Kg3 Rxc3 40. Re2+ Kd4 41. Re4+ Kd3 42. Ra4 Kc2 43. Kf4 Kb3 44. Ra5 Rc4+ 45. Kg5 Ra4 46. Rb5+ Kc2 47. Rc5+ Kd2 48. Rd5+ Ke2 49. Re5+ Kf2 50. Rc5 a2 51. Rc1 a1Q 52. Rxa1 Rxa1 53. f4 Kg3 54. Kxh5 Ra5+ 55. Kg6 Kg4 56. Kh6 Kxh4 57. Kg6 Kg4 58. f5 Rxf5 0-1

[Event "Karvina op"]
[Site "Karvina"]
[Date "2014.06.29"]
[Round "2"]
[White "Rydzewski, Pawel"]
[Black "Mroziak, Maciej"]
[Result "0-1"]
[WhiteElo "2003"]
[BlackElo "2293"]
[PlyCount "56"]
[EventDate "2014.06.28"]
[EventType "swiss"]
[EventRounds "9"]
[EventCountry "CZE"]
[SourceTitle "CBM 161 Extra"]
[Source "ChessBase"]
[SourceDate "2014.08.29"]
[SourceVersion "1"]
[SourceVersionDate "2014.08.29"]
[SourceQuality "1"]

1. Nf3 Nf6 2. g3 g6 3. Bg2 Bg7 4. 0-0 0-0 5. c4 d5 6. cxd5 Nxd5 7. Nc3 Nc6 8. a3 Nb6 9. d3 e5 10. Be3 Nd4 11. Bxd4 exd4 12. Ne4 Be6 13. Qc2 Bd5 14. Ned2 Re8 15. Nc4 Nxc4 16. dxc4 Be4 17. Qd2 c5 18. Ne1 Qe7 19. Bf3 Bxf3 20. exf3 Qe6 21. Qc2 Re7 22. Nd3 Qf5 23. Rfe1 Rae8 24. Rxe7 Rxe7 25. Kg2 h5 26. b4 h4 27. h3 hxg3 28. fxg3 Re3 0-1

[Event "Orlova op-A 11th"]
[Site "Orlova"]
[Date "2014.05.28"]
[Round "3"]
[White "Den Boer, Lennard"]
[Black "Rydzewski, Pawel"]
[Result "1-0"]
[WhiteElo "2044"]
[BlackElo "1936"]
[PlyCount "53"]
[EventDate "2014.05.26"]
[EventType "swiss"]
[EventRounds "9"]
[EventCountry "CZE"]
[SourceTitle "CBM 160 Extra"]
[Source "ChessBase"]
[SourceDate "2014.07.01"]
[SourceVersion "1"]
[SourceVersionDate "2014.07.01"]
[SourceQuality "1"]

1. e4 e6 2. d4 d5 3. e5 c5 4. c3 Qa5 5. a3 Nc6 6. Nf3 cxd4 7. b4 Qb6 8. cxd4 Nge7 9. Bb2 Bd7 10. Nc3 Nf5 11. Na4 Qd8 12. Rc1 Nce7 13. Nc5 b6 14. Nxd7 Qxd7 15. Ba6 f6 16. g4 Nh6 17. Qe2 Kf7 18. Bb5 Qd8 19. exf6 gxf6 20. g5 Nhf5 21. gxf6 Ng6 22. Rg1 Bh6 23. Ne5+ Kxf6 24. Nxg6 hxg6 25. Qe5+ Kf7 26. Rc7+ Ne7 27. Bd7 1-0

[Event "Orlova op 10th"]
[Site "Orlova"]
[Date "2013.05.18"]
[Round "6"]
[White "Chlevistan, Jakub"]
[Black "Rydzewski, Pawel"]
[Result "1-0"]
[WhiteElo "2119"]
[BlackElo "1818"]
[PlyCount "77"]
[EventDate "2013.05.13"]
[EventType "swiss"]
[EventRounds "9"]
[EventCountry "CZE"]
[SourceTitle "CBM 154 Extra"]
[Source "ChessBase"]
[SourceDate "2013.06.25"]
[SourceVersion "2"]
[SourceVersionDate "2013.06.25"]
[SourceQuality "1"]

1. Nf3 Nf6 2. c4 c6 3. d4 d5 4. Nc3 e6 5. e3 Be7 6. Bd3 0-0 7. 0-0 Nbd7 8. e4 dxe4 9. Nxe4 Nxe4 10. Bxe4 Nf6 11. Bc2 c5 12. Bg5 cxd4 13. Qxd4 Qxd4 14. Nxd4 Rd8 15. Rfd1 e5 16. Nf5 Bxf5 17. Bxf5 Nd5 18. Bxe7 Nxe7 19. Be4 Nc6 20. Kf1 Kf8 21. Bxc6 bxc6 22. b4 a5 23. b5 cxb5 24. cxb5 a4 25. b6 Rdb8 26. Rab1 Ra6 27. b7 Ke7 28. Rd5 f6 29. Ke2 Ra7 30. Rdb5 Kd6 31. Kd3 Kc6 32. Kc4 e4 33. Kd4 f5 34. Rc5+ Kd6 35. Rb6+ Kd7 36. Rxf5 Kc7 37. Rb4 Raxb7 38. Rxb7+ Kxb7 39. Rb5+ 1-0

[Event "Orlova op 9th"]
[Site "Orlova"]
[Date "2012.05.21"]
[Round "1.41"]
[White "Rydzewski, Pawel"]
[Black "Sebesta, Jan"]
[Result "1-0"]
[WhiteElo "1818"]
[BlackElo "1868"]
[PlyCount "93"]
[EventDate "2012.05.21"]
[EventType "swiss"]
[EventRounds "7"]
[EventCountry "CZE"]
[SourceTitle "CBM 148 Extra"]
[Source "ChessBase"]
[SourceDate "2012.06.22"]
[SourceVersion "1"]
[SourceVersionDate "2012.06.22"]
[SourceQuality "1"]

1. d4 d5 2. c4 e6 3. Nc3 Nf6 4. Nf3 c6 5. e3 Bd6 6. Qc2 0-0 7. Bd2 Nbd7 8. cxd5 exd5 9. Bd3 c5 10. dxc5 Nxc5 11. Be2 Nce4 12. Nxd5 Nxd2 13. Nxf6+ Qxf6 14. Qxd2 Bg4 15. 0-0 Rad8 16. Nd4 Bxe2 17. Qxe2 Qh6 18. Nf3 Rfe8 19. Rfd1 Be7 20. Rxd8 Rxd8 21. Rc1 Bd6 22. Qb5 Rb8 23. Qd7 Bf8 24. Rc7 Qf6 25. Rxb7 Rxb7 26. Qxb7 Qd6 27. Nd4 g6 28. Qc6 Qb4 29. Qc3 Qe7 30. g3 Bg7 31. Qc8+ Bf8 32. a4 Qb4 33. b3 Qe1+ 34. Kg2 Kg7 35. Nb5 a5 36. Qc3+ Qxc3 37. Nxc3 Bb4 38. Nd5 Bd2 39. Kf3 f6 40. Ke2 Bc1 41. Kd3 Kf7 42. Nc7 Ba3 43. Kc4 Ke7 44. Kb5 Bb4 45. Nd5+ Kd6 46. Nxb4 axb4 47. Kxb4 1-0

[Event "Orlova op 7th"]
[Site "Orlova"]
[Date "2010.05.27"]
[Round "7"]
[White "Rydzewski, Pawel"]
[Black "Baier, Pavel"]
[Result "0-1"]
[WhiteElo "1733"]
[BlackElo "2131"]
[PlyCount "94"]
[EventDate "2010.05.22"]
[EventType "swiss"]
[EventRounds "7"]
[EventCountry "CZE"]
[SourceTitle "EXT 2012"]
[Source "ChessBase"]
[SourceDate "2011.11.24"]
[SourceVersion "1"]
[SourceVersionDate "2011.11.24"]
[SourceQuality "1"]

1. d4 Nf6 2. Nf3 g6 3. c3 Bg7 4. Nbd2 d6 5. e4 0-0 6. Bd3 Nbd7 7. 0-0 e5 8. dxe5 Nxe5 9. Nxe5 dxe5 10. Nf3 Qe7 11. b3 Nh5 12. Re1 Rd8 13. Qc2 Bg4 14. Be2 Nf4 15. Bxf4 exf4 16. Nd4 Bd7 17. Bc4 Qe5 18. Rad1 c5 19. Ne2 Bc6 20. Bd5 f3 21. gxf3 Bxd5 22. Rxd5 Rxd5 23. exd5 Qxd5 24. Qe4 Qd7 25. Qc2 Qd5 26. Qe4 Qxe4 27. fxe4 Re8 28. f3 f5 29. c4 fxe4 30. Ng3 Bd4+ 31. Kf1 Rf8 32. Nxe4 Rxf3+ 33. Kg2 Rf7 34. Rf1 Re7 35. Kf3 b6 36. a3 h6 37. b4 g5 38. h3 h5 39. Nxg5 Re3+ 40. Kf4 Rg3 41. bxc5 Bxc5 42. Ne6 Rxh3 43. Nxc5 bxc5 44. Ra1 Rh4+ 45. Kg5 Rxc4 46. Kxh5 Kf7 47. Ra2 Kf6 0-1

[Event "Orlova op 7th"]
[Site "Orlova"]
[Date "2010.05.26"]
[Round "6"]
[White "Trukhanova, Tatiana"]
[Black "Rydzewski, Pawel"]
[Result "0-1"]
[WhiteElo "1250"]
[BlackElo "1733"]
[PlyCount "49"]
[EventDate "2010.05.22"]
[EventType "swiss"]
[EventRounds "7"]
[EventCountry "CZE"]
[SourceTitle "EXT 2012"]
[Source "ChessBase"]
[SourceDate "2011.11.24"]
[SourceVersion "1"]
[SourceVersionDate "2011.11.24"]
[SourceQuality "1"]

1. e4 e6 2. d4 d5 3. exd5 exd5 4. Nf3 Nf6 5. Bd3 Bd6 6. 0-0 0-0 7. Bg5 Re8 8. c3 Bg4 9. Nbd2 Nbd7 10. Qc2 h6 11. Bxf6 Qxf6 12. Rfe1 Kf8 13. Qb3 c6 14. Rxe8+ Rxe8 15. Qxb7 Rb8 16. Qxa7 Rxb2 17. Rb1 Rxb1+ 18. Bxb1 g5 19. Qb7 Bxf3 20. Nxf3 Qf4 21. Qb2 g4 22. Ne5 Bxe5 23. dxe5 Qxe5 24. g3 Nf6 25. Kg2 0-1

[Event "Orlova op 6th"]
[Site "Orlova"]
[Date "2009.05.29"]
[Round "8"]
[White "Rydzewski, Pawel"]
[Black "Kawulok, Marek"]
[Result "1-0"]
[WhiteElo "1650"]
[BlackElo "1887"]
[PlyCount "79"]
[EventDate "2009.05.23"]
[EventType "swiss"]
[EventRounds "9"]
[EventCountry "CZE"]
[SourceTitle "EXT 2012"]
[Source "ChessBase"]
[SourceDate "2011.11.24"]
[SourceVersion "1"]
[SourceVersionDate "2011.11.24"]
[SourceQuality "1"]

1. c3 Nf6 2. d4 d6 3. Nf3 g6 4. Bf4 Bg7 5. Nbd2 Nbd7 6. Qc2 c5 7. e3 0-0 8. Be2 b6 9. 0-0 Bb7 10. a4 a6 11. b4 cxb4 12. cxb4 Nd5 13. Qb2 Nxf4 14. exf4 Re8 15. Rac1 Nf8 16. Nb3 Bd5 17. Rc3 Ne6 18. Qd2 Qd7 19. b5 a5 20. Bc4 Bxc4 21. Rxc4 Rac8 22. Rcc1 Qb7 23. Ng5 Nxg5 24. fxg5 Qd5 25. Qe3 Rc4 26. Rxc4 Qxc4 27. Rc1 Qxa4 28. Qd3 Qb4 29. g3 a4 30. Nd2 Qxd4 31. Qxd4 Bxd4 32. Rc4 e5 33. Rxa4 Rc8 34. Nb3 Bb2 35. Ra6 Rc3 36. Nd2 Rd3 37. Ne4 d5 38. Ra8+ Kg7 39. Nf6 Rd1+ 40. Kg2 1-0

[Event "POL-chT U19 1th League"]
[Site "Gorzow Wielkopolski"]
[Date "2008.07.12"]
[Round "8.4"]
[White "Rydzewski, Pawel"]
[Black "Paszewski, Mateusz"]
[Result "1/2-1/2"]
[WhiteElo "1665"]
[BlackElo "1711"]
[PlyCount "64"]
[EventDate "2008.07.05"]
[EventType "team-tourn"]
[EventRounds "9"]
[EventCountry "POL"]
[SourceTitle "EXT 2019"]
[Source "ChessBase"]
[SourceDate "2018.10.10"]
[SourceVersion "1"]
[SourceVersionDate "2018.10.10"]
[SourceQuality "1"]
[WhiteTeam "Jastrzebie Zdroj Pionier U19"]
[BlackTeam "Czestochowa UKS Hetman U19"]
[WhiteTeamCountry "POL"]
[BlackTeamCountry "POL"]

1. d4 e6 2. Nf3 f5 3. c4 Nf6 4. Nc3 d5 5. Bf4 c6 6. e3 Be7 7. Be2 0-0 8. 0-0 Bd7 9. c5 b6 10. b4 a5 11. a3 Na6 12. Qb3 b5 13. h3 a4 14. Qc2 Qe8 15. Ne5 Ne4 16. Nxe4 fxe4 17. Bg3 Bg5 18. Qd2 Rc8 19. f4 Bf6 20. Bh2 g6 21. g4 h6 22. Kh1 Kh7 23. Rg1 Bxe5 24. fxe5 Nc7 25. Raf1 Qe7 26. Qe1 Kg7 27. Rg2 Rxf1+ 28. Qxf1 Rf8 29. Rf2 Rxf2 30. Qxf2 Qf7 31. Qf3 g5 32. h4 Na6 1/2-1/2

[Event "POL-chT U19 1th League"]
[Site "Gorzow Wielkopolski"]
[Date "2008.07.09"]
[Round "5.22"]
[White "Rydzewski, Pawel"]
[Black "Bednarczyk, Damian"]
[Result "0-1"]
[WhiteElo "1665"]
[BlackElo "1836"]
[PlyCount "100"]
[EventDate "2008.07.05"]
[EventType "team-tourn"]
[EventRounds "9"]
[EventCountry "POL"]
[SourceTitle "EXT 2019"]
[Source "ChessBase"]
[SourceDate "2018.10.10"]
[SourceVersion "1"]
[SourceVersionDate "2018.10.10"]
[SourceQuality "1"]
[WhiteTeam "Jastrzebie Zdroj Pionier U19"]
[BlackTeam "Trzebinia UKS Hetman Koronny U19"]
[WhiteTeamCountry "POL"]
[BlackTeamCountry "POL"]

1. c3 Nf6 2. d4 c5 3. Bf4 e6 4. Nf3 b6 5. e3 Bb7 6. Nbd2 Be7 7. Bd3 Nh5 8. Bg3 Nxg3 9. hxg3 h6 10. Qe2 d6 11. 0-0 Nd7 12. b3 0-0 13. Rfd1 Nf6 14. Nf1 Ne4 15. Qc2 f5 16. Rac1 Bf6 17. N1d2 Nxd2 18. Rxd2 Qe7 19. dxc5 bxc5 20. Rcd1 Rad8 21. Be2 g6 22. c4 Kg7 23. Nh2 e5 24. a3 e4 25. b4 Be5 26. bxc5 dxc5 27. Qa4 Rxd2 28. Rxd2 Bc8 29. Rd5 Bd6 30. Qa5 Be6 31. Rd1 Be5 32. Rb1 Rb8 33. Rb5 Rxb5 34. Qxb5 Qc7 35. Nf1 Bd7 36. Qb3 Qd6 37. Qc2 Qa6 38. Qc1 Qb7 39. Qc2 Qb2 40. Qxb2 Bxb2 41. Nd2 Bxa3 42. g4 Bb4 43. Nb3 fxg4 44. Kf1 Kf6 45. Nc1 h5 46. Na2 Ba5 47. g3 Ba4 48. Kg2 Bd2 49. Kg1 Bb3 50. Kg2 Bxa2 0-1